Una provincia muy lejana : la literatura colonial de Costa Rica
Uloženo v:
| Hlavní autor: | |
|---|---|
| Médium: | Kniha |
| Jazyk: | Undetermined |
| Vydáno: |
San José, Costa Rica
Encino Ediciones
2022
|
| Témata: | |
| Tagy: |
Přidat tag
Žádné tagy, Buďte první, kdo vytvoří štítek k tomuto záznamu!
|
MARC
| LEADER | 00000nam a2200000Ia 4500 | ||
|---|---|---|---|
| 008 | 170316s9999 xx 000 0 und d | ||
| 020 | |a 978-9930-581-45-2 | ||
| 040 | |a cru BVZT | ||
| 090 | |a 868 S-26pr | ||
| 100 | |a Sánchez Mora, Alexánder (Ed.) |9 2011 | ||
| 245 | |a Una provincia muy lejana : la literatura colonial de Costa Rica |c / Alexánder Sánchez Mora, editor | ||
| 260 | |a San José, Costa Rica |b Encino Ediciones |c 2022 | ||
| 300 | |a 314 p. | ||
| 650 | 0 | |a LITERATURA COSTARRICENSE |9 17 | |
| 650 | 0 | |a ENSAYO |9 600 | |
| 650 | 0 | |a HISTORIA |9 90 | |
| 942 | |c 15 D |2 z |j 15 D | ||
| 999 | |c 31010 |d 31010 | ||



